| 000 | 00830nas a2200277 4500 | ||
|---|---|---|---|
| 001 | BR0000153 | ||
| 003 | BR-BrBNA | ||
| 005 | 20231205101614.0 | ||
| 007 | ta | ||
| 008 | 230509b bl.|||p| |||| 00| 00por d | ||
| 040 |
_aBR-BrBNA _bpor _cBiblioteca Nacional de Agricultura |
||
| 041 | _a(Pt) | ||
| 072 | _aF30 | ||
| 100 | 1 | _aAtroch, A.L. | |
| 100 | 1 | _aMorais, O.P. de | |
| 100 | 1 | _aRangel, P.H.N. | |
| 100 | 1 | _aCastro, E. da M. de | |
| 245 | 1 | _aProgressos do melhoramento genetico do arroz de sequeiro no Estado do Amapa | |
| 650 | _aArroz Sequeiro | ||
| 650 | _aLinhagem | ||
| 650 | _aParametro Genetico | ||
| 650 | _aAmapa | ||
| 773 | 0 |
_tPesquisa Agropecuaria Brasileira (Brazil) _xISSN 0100-204X _g(Sep 1999), v. 34(9) p. 1623-1632 _wBR0000153 |
|
| 909 |
_a202311 _bLúcia _c55 _dLúcia Elande |
||
| 942 |
_2AGRIS _n0 _cANA |
||
| 999 |
_c162810 _d162810 |
||